Statistics for Popular Spanish Verbs Vocabulary Quiz

Click here to take the quiz!

General Stats

  • This quiz has been taken 40,971 times
    (40,967 since last reset)
  • The average score is 45 of 70

Answer Stats

Español English % Correct
aceptaraccept
94%
beberdrink
91%
comereat
90%
hablartalk
88%
bailardance
88%
estudiarstudy
87%
escribir write
87%
irgo
86%
dormirsleep
86%
leerread
84%
trabajarwork
84%
abriropen
82%
jugarplay
82%
cantarsing
81%
tenerhave
81%
vivirlive
81%
comprarbuy
80%
correrrun
80%
escucharlisten
80%
mirarlook
79%
hacerdo
79%
necesitarneed
78%
usaruse
77%
versee
75%
preguntarask
74%
quererwant
73%
permitirallow
73%
nadarswim
72%
explicarexplain
72%
fumarsmoke
71%
pensarthink
71%
aprenderlearn
70%
pagarpay
70%
dargive
70%
limpiarclean
69%
salirleave
69%
vendersell
68%
saberknow
67%
decirsay
66%
oirhearing
66%
viajartravel
65%
cerrarclose
63%
creerbelieve
63%
cambiarchange
60%
entenderunderstand
59%
repararrepair
59%
poderbe able
58%
contarcount
57%
encontrarfind
55%
cortarcut
53%
enseñarteach
52%
dibujardraw
52%
olvidarforget
50%
esperarwait
50%
perderlose
49%
lloverrain
49%
romperbreak
47%
caerfall
45%
enviarsend
44%
traerbring
44%
volarfly
43%
traducirtranslate
42%
preocuparseworry
40%
firmarsign
38%
despertarwake up
33%
gastarspend
32%
apagarturn off
30%
caberfit
24%
tosercough
22%
quejarcomplain
17%

Score Distribution

Percentile by Number Answered

Percent of People with Each Score

Your Score History

You have not taken this quiz since the last reset